fnaf animatronics - Statistics

General Stats
  • This quiz has been taken 19 times
  • The average score is 69 of 317
Answer Stats
Hint Answer % Correct
Bonnie
100%
Chica
100%
Golden Freddy
100%
Toy Bonnie
100%
Toy Chica
100%
Toy Freddy
100%
Foxy
92%
Fnaf 1 Freddy Fazbear
92%
Withered Chica
92%
Nightmare
85%
Puppet
85%
BB
77%
JJ
77%
Nightmare Bonnie
77%
Nightmare Chica
77%
Fnaf 4 Nightmare Freddy
77%
Phantom Chica
77%
Phantom Freddy
77%
Shadow Bonnie
77%
Withered Foxy
77%
Fnaf 2 Withered Freddy
77%
Endo-01
69%
Jack-O-Chica
69%
Mangle
69%
Nightmare Foxy
69%
Nightmare Fredbear
69%
Shadow Freddy
69%
Fnaf 3 Springtrap
69%
Fredbear
62%
Jack-O-Bonnie
62%
Nightmare BB
62%
Nightmare Mangle
62%
Phantom BB
62%
Phantom Foxy
62%
Phantom Mangle
62%
Phantom Puppet
62%
Plushtrap
62%
Withered Golden Freddy
62%
Funtime Freddy
54%
Lefty
54%
Nightmarionne
54%
Scraptrap
54%
Ballora
46%
Dee Dee
46%
Funtime Foxy
46%
Glamrock Chica
46%
Fnaf Security Breach Glamrock Freddy
46%
Molten Freddy
46%
Moondrop
46%
Mr. Cupcake
46%
Scrap Baby
46%
Daycare Attendant Sundrop
46%
Fnaf Sister Location Circus Baby
38%
Ennard
38%
Funtime Chica
38%
Helpy
38%
Lolbit
38%
Montgomery Gator
38%
Old Man Consequences
38%
Rockstar Chica
38%
Fnaf Pizzeria Simulator Rockstar Freddy
38%
Roxanne Wolf
38%
Adventure Bonnie
31%
Adventure Chica
31%
Adventure Foxy
31%
Adventure Fredbear
31%
Fnaf World Adventure Freddy
31%
Adventure Golden Freddy
31%
Adventure Nightmare
31%
Adventure Phantom Chica
31%
Adventure Shadow Freddy
31%
Adventure Toy Bonnie
31%
Adventure Toy Chica
31%
Adventure Toy Freddy
31%
Adventure Withered Bonnie
31%
Adventure Withered Chica
31%
Adventure Withered Foxy
31%
Adventure Withered Freddy
31%
Bidybab
31%
Bon-Bon
31%
Bonnet
31%
Dreadbear
31%
El Chip
31%
Electrobab
31%
Glitchtrap
31%
Mr. Can-Do
31%
Mr. Hippo
31%
Mr. Hugs
31%
Music man
31%
Nedd Bear
31%
Nightmare Cupcake
31%
No. 1 Crate
31%
Orville Elephant
31%
Pan Stan
31%
Pigpatch
31%
Rockstar Bonnie
31%
Rockstar Foxy
31%
Security Puppet
31%
Vanny
31%
Yenndo
31%
Adventure BB
23%
Adventure Dee Dee
23%
Adventure Freddles
23%
Adventure Funtime Foxy
23%
Adventure Jack-O-Chica
23%
Adventure JJ
23%
Adventure Lolbit
23%
Adventure Mangle
23%
Adventure Mr. Chipper
23%
Adventure Nightmare BB
23%
Adventure Nightmare Bonnie
23%
Adventure Nightmare Chica
23%
Adventure Nightmare Fredbear
23%
Adventure Nightmare Freddy
23%
Adventure Paperpals
23%
Adventure Phantom Freddy
23%
Adventure Puppet
23%
Adventure Shadow Bonnie
23%
Adventure Spring Bonnie
23%
Adventure Springtrap
23%
Bucket Bob
23%
Burntrap
23%
Back To Security Breach DJ Music Man
23%
Grimm Foxy
23%
Happy Frog
23%
Jack-O-Lantern
23%
Phone Guy
23%
XOR
23%
Adventure Crying Child
15%
Adventure Endo-01
15%
Adventure Endo-02
15%
Adventure Endoplush
15%
Adventure Jack-O-Bonnie
15%
Adventure Nightmare Foxy
15%
Adventure Nightmarionne
15%
Adventure Phantom BB
15%
Adventure Phantom Foxy
15%
Adventure Phantom Mangle
15%
Adventure Phantom Puppet
15%
Adventure Plushtrap
15%
Adventure Purple Guy
15%
Adventure Tangle
15%
Firework Freddy
15%
Glamrock Endo
15%
Mendo
15%
Plushbaby
15%
Shadow Cupcake
15%
The Blob
15%
UCN Ballora
15%
UCN BB
15%
UCN Bonnet
15%
UCN Bonnie
15%
UCN Chica
15%
UCN El Chip
15%
UCN Ennard
15%
UCN Foxy
15%
UCN UCN Freddy
15%
UCN Funtime Chica
15%
UCN Funtime Foxy
15%
UCN Happy Frog
15%
UCN JJ
15%
UCN Mangle
15%
UCN Minireena
15%
UCN Mr. Hippo
15%
UCN Music Man
15%
UCN Nedd Bear
15%
UCN Nightmare
15%
UCN Nightmare Mangle
15%
UCN Nightmarionne
15%
UCN Old Man Consequences
15%
UCN Orville Elephant
15%
UCN Phantom BB
15%
UCN Phantom Freddy
15%
UCN Puppet
15%
UCN Shadow Bonnie
15%
UCN Springtrap
15%
UCN Toy Bonnie
15%
UCN Toy Chica
15%
UCN Toy Freddy
15%
UCN Withered Golden Freddy
15%
Adventure Coffee
8%
Adventure Redbear
8%
Adventure White Rabbit
8%
Broiler Baby
8%
Chocolate Bonnie
8%
Easter Bonnie
8%
Freddy Frostbear
8%
Funtime Cupcake
8%
Glamrock Bonnie
8%
Heartsick Baby
8%
Liberty Chica
8%
Nightmare Endo
8%
Ruined Glamrock Chica
8%
Ruined Montgomery Gator
8%
Ruined Roxanne Wolf
8%
System Error Toy Bonnie
8%
Toxic Springtrap
8%
UCN Circus Baby
8%
UCN Freddles
8%
UCN Helpy
8%
UCN Jack-O-Chica
8%
UCN Lefty
8%
UCN Lolbit
8%
UCN Molten Freddy
8%
UCN Nightmare BB
8%
UCN Nightmare Bonnie
8%
UCN Nightmare Chica
8%
UCN Nightmare Fredbear
8%
UCN Nightmare Freddy
8%
UCN Phantom Mangle
8%
UCN Pigpatch
8%
Extra UCN Plushtrap
8%
UCN Rockstar Bonnie
8%
UCN Rockstar Chica
8%
UCN Rockstar Foxy
8%
UCN Rockstar Freddy
8%
UCN Scrap Baby
8%
UCN Scraptrap
8%
UCN Trash And The Gang
8%
UCN Withered Bonnie
8%
UCN Withered Chica
8%
8-Bit Baby
0%
Adventure Aimdude
0%
Aeronaut Toy Freddy
0%
AR Ballora
0%
AR BB
0%
AR Bonnie
0%
AR Chica
0%
AR Circus Baby
0%
Arctic Ballora
0%
Fnaf AR : Special Delivery AR Endo-01
0%
AR Foxy
0%
AR Freddy Fazbear
0%
AR Golden Freddy
0%
AR Jack-O-Bonnie
0%
AR Jack-O-Chica
0%
AR Mangle
0%
AR Plushtrap
0%
AR Shadow Bonnie
0%
AR Springtrap
0%
AR Toy Bonnie
0%
AR Toy Chica
0%
AR Toy Freddy
0%
Big Bad Foxy
0%
Black Heart Bonnie
0%
Black Ice Frostbear
0%
Boulder Toy Bonnie
0%
Catrina Toy Chica
0%
Clockwork Ballora
0%
Clown Springtrap
0%
Dark Water Endo
0%
Swamp Balloon Boy
0%
Flamethrower Endo
0%
Flaming Springtrap
0%
Frostbite Balloon Boy
0%
Frost Plushtrap
0%
Game Over Toy Chica
0%
Glamrock Helpy
0%
Glamrock Mr. Hippo
0%
Grandmother Big Bad Foxy
0%
Great Escape Golden Freddy
0%
Highscore Toy Chica
0%
Jetpack Balloon Boy
0%
Lil' Music Man
0%
Little Red Chica
0%
Magician Mangle
0%
Melted Chocolate Bonnie
0%
Minrieena
0%
Piranha Plushtrap
0%
Radioactive Foxy
0%
Ringmaster Foxy
0%
Scorching Chica
0%
Serpent Mangle
0%
Shamrock Freddy
0%
Sunken Toy Bonnie
0%
The Curse
0%
VR Attack Toy Freddy
0%
VR BB
0%
VR Bidybab
0%
VR Bon-Bon
0%
VR Bonnet
0%
VR Bonnie
0%
VR Chica
0%
VR Circus Baby
0%
VR Endo-01
0%
VR Endo-02
0%
VR Ennard
0%
VR Foxy
0%
Fnaf VR : Help Wanted VR Freddy Fazbear
0%
VR Funtime Foxy
0%
VR Funtime Freddy
0%
VR Helpy
0%
VR Lolbit
0%
VR Mangle
0%
VR Minireena
0%
VR Nightmare BB
0%
VR Nightmare Bonnie
0%
VR Nightmare Cupcake
0%
VR Nightmare Fredbear
0%
VR Nightmare Freddy
0%
VR Nightmarionne
0%
VR Phantom BB
0%
VR Phantom Foxy
0%
VR Phantom Freddy
0%
VR Phantom Mangle
0%
VR Plushtrap
0%
VR Puppet
0%
VR Springtrap
0%
VR Toy Bonnie
0%
VR Toy Chica
0%
VR Toy Freddy
0%
VR Withered Bonnie
0%
VR Withered Chica
0%
VR Withered Foxy
0%
VR Withered Freddy
0%
Woodland Toy Freddy
0%
No matching quizzes found
Score Distribution
Percent of People with Each Score
Percentile by Number Answered
Your Score History
You have not taken this quiz